Propuesta de herramienta de evaluación y selección de sistemas constructivos para vivienda y su uso en Costa Rica
שמור ב:
| מחבר ראשי: | |
|---|---|
| מחברים אחרים: | |
| פורמט: | ספר |
| שפה: | Spanish |
| יצא לאור: |
[San José], Costa Rica
2021
|
| נושאים: | |
| תגים: |
הוספת תג
אין תגיות, היה/י הראשונ/ה לתייג את הרשומה!
|
MARC
| LEADER | 00000nam a2200000Ia 4500 | ||
|---|---|---|---|
| 003 | 013236 | ||
| 005 | 20230315134051.0 | ||
| 008 | 140116s2021 cr a 000 ||spa d | ||
| 040 | |c cru CEDI | ||
| 100 | |a Feoli Martínez, Susanne, 1996- |9 253 | ||
| 245 | |a Propuesta de herramienta de evaluación y selección de sistemas constructivos para vivienda y su uso en Costa Rica | ||
| 260 | |a [San José], Costa Rica |c 2021 | ||
| 500 | |a Proyecto de graduación (licenciatura en ingeniería civil)--Universidad de Costa Rica. Facultad de Ingeniería. Escuela de Ingeniería Civil | ||
| 501 | |a Director de Proyecto de Graduación: Ing. Robert Anglin Fonseca M. Sc | ||
| 650 | |x MATERIALES DE CONSTRUCCION - COSTA RICA - EVALUACION |x CONSTRUCCIÓN DE VIVIENDAS - ASPECTOS ECONÓMICOS - COSTA RICA |x INDUSTRIA DE LA CONSTRUCCION - INVESTIGACIONES - COSTA RICA |x CONSTRUCCION DE VIVIENDAS - COSTA RICA - EVALUACION | ||
| 700 | |9 186 |a Anglin Fonseca, Robert Anthony, 1967- |d Director del TFG | ||
| 942 | |c CEDI | ||
| 999 | |c 13175 |d 13175 | ||
